00202 a2200109 4500001000700000020000600007040001100013100001800024240002300042245001800065362000900083168771 a  cMagnum aGuillevic, E.10aDino y jacobolESP10aDino y jacobo0 a1899